000 00669nam a22001937a 4500
999 _c152935
_d152935
005 20191209131822.0
010 _aB-161684
020 _a8189093894
_c95.00
035 _aB-161684 B-161685,B-161676, B-161677,b-161677
037 _bLotus Press
082 _a483.1
100 _aGupta, Shabnam
245 _aSynonyms & Antoyms
_cGupta, Shabnam
260 _aNew Delhi
_bLotus Press
_c2005
270 _a4263/3, Ansari Road, Darya Ganj, New Delhi-110002
_bNew Delhi
_e110002
300 _a197p.
_c22cm(pb)
942 _2ddc
_cEN
_h483.1
_mGUP